LIBRARY & INFORMATION CENTRE, KCAET, TAVANUR

ONLINE PUBLIC ACCESS CATALOGUE (OPAC)

Red haired woman (Record no. 17687)

MARC details
000 -LEADER
fixed length control field 00370nam a22001697a 4500
003 - CONTROL NUMBER IDENTIFIER
control field OSt
008 - FIXED-LENGTH DATA ELEMENTS--GENERAL INFORMATION
fixed length control field 230509b |||||||| |||| 00| 0 eng d
020 ## - INTERNATIONAL STANDARD BOOK NUMBER
ISBN 9789387169760
041 ## - LANGUAGE CODE
Language code of text/sound track or separate title MAL
082 ## - DEWEY DECIMAL CLASSIFICATION NUMBER
Classification number 891.353
Item number ORH/CH
100 ## - MAIN ENTRY--AUTHOR NAME
Personal name Orhan pamuk
245 ## - TITLE STATEMENT
Title Red haired woman
250 ## - EDITION STATEMENT
Edition statement 3
260 ## - PUBLICATION, DISTRIBUTION, ETC. (IMPRINT)
Place of publication Kottayam
Name of publisher dcbooks
Year of publication 2022
300 ## - PHYSICAL DESCRIPTION
Number of Pages 222
942 ## - ADDED ENTRY ELEMENTS (KOHA)
Koha item type Books
Holdings
Withdrawn status Lost status Damaged status Collection code Home library Current library Shelving location Date acquired Source of acquisition Cost, normal purchase price Full call number Accession Number Koha item type
      Fiction KAUAET KAUAET General Stacks 24/03/2023 Aman book stall,calicut 250.00 891.353 ORH/RE 26120 Books
free website counter